000 01135nam a2200229Ia 4500
003 OSt
005 20241011143820.0
007 ca aa aaaaa
008 201103s9999 xx 000 0 und d
040 _cSSBUL
041 _abur
082 _a၂၉၄.၃၄၃၅၀၉
_bမြင့်
_2၉၁၃၄ S-SAT
100 0 _aမြင့်ဆွေ၊ ဦး
_95960
245 1 0 _aဆံတော်ရှင်မြတ်မော်တင် စေတီတော်သမိုင်း /
_cဦးမြင့်ဆွေ၊ တည်းဖြတ်သူ- အရှင်အာစိက္ခဏ။
250 _aစတုတ္ထအကြိမ်။
260 _aရန်ကုန် ၊
_bမိုးဇော်ရောင်စုံပုံနှိပ်တိုက်၊
_c၁၉၇၅။
300 _a၇၁ စာမျက်နှာ ၊
_c၁၈ စင်တီ။
500 _aS-SAT: Dr. Sai Aung Tun
650 _aဘုရားသမိုင်း
650 _aဆံတော်ရှင် မြတ်မော်တင်စေတီတေ်
_vသမိုင်း
_955048
942 _cBK1
_2ddc
999 _c16625
_d16625